Pozycja Personal Name
Liczba rekordów, w których użyto hasła: 10
001 - Numer kontrolny
- control field: 16192
003 - Identyfikator numeru kontrolnego
- control field: OLSZT 008
005 - Data i czas ostatniej modyfikacji
- control field: 20241025220007.0
008 - Dane kontrolne kodowane (40 znaków)
- fixed length control field: 030528n||a|nnnabbn |a aaa |c
010 ## - Numer kontrolny Biblioteki Kongresu
- numer kontrolny LC: n 2003048026
024 7# - OTHER STANDARD IDENTIFIER
- Standard number or code: http://nukat.edu.pl/aut/n 2003048026
- Source of number or code: uri
024 7# - OTHER STANDARD IDENTIFIER
- Standard number or code: http://viaf.org/viaf/103816501
- Source of number or code: uri
024 7# - OTHER STANDARD IDENTIFIER
- Standard number or code: http://isni.org/isni/0000000078891553
- Source of number or code: uri
039 #9 -
- : 202103090021
- : VLOAD
- : 202103082243
- : VLOAD
- : 202103080016
- : VLOAD
- : 202103051144
- : fmim
- : 200305281506
- : vpubwa
040 ## - Instytucja sporządzająca rekord
- inst. przygot. dane do rek. khw: WA M/IW
- inst. wprow. rek. khw: WA M/IW
- inst. modyf. rek. khw: KR U/mal
- inst. modyf. rek. khw: WR O/KP
- inst. modyf. rek. khw: WR U/mt
043 ## - Kod obszaru geograficznego
- ISO code: PL
046 ## - Special dates
- Birth date: 1971
100 1# - Hasło - nazwa osobowa
- nazwa osobowa w formie ujednoliconej: Łapo, Jerzy Marek
- daty biograficzne: (1971- ).
368 ## - Other Attributes
- Title of person: doktor historii
370 ## - Associated place
- Country: Polska.
- Auth control #: http://nukat.edu.pl/aut/s 94110000
- Source of term: kaba
370 ## - Associated place
- Place of birth: Ełk (Polska).
- Auth control #: http://nukat.edu.pl/aut/s 97053780
- Source of term: kaba
370 ## - Associated place
- Other assoc. place: Węgorzewo (Polska, województwo warmińsko-mazurskie).
- Auth control #: http://nukat.edu.pl/aut/s 98058239
- Source of term: kaba
373 ## - Associated Group
- Associated group: Muzeum Kultury Ludowej (Węgorzewo).
- Auth control #: http://nukat.edu.pl/aut/n 97048562
374 ## - Occupation
- Occupation: Historycy.
- Auth control #: http://nukat.edu.pl/aut/s 94205772
- Source of term: kaba
374 ## - Occupation
- Occupation: Archeolodzy.
- Auth control #: http://nukat.edu.pl/aut/s 94205773
- Source of term: kaba
374 ## - Occupation
- Occupation: Etnolodzy.
- Auth control #: http://nukat.edu.pl/aut/s 98058922
- Source of term: kaba
375 ## - Gender
- Gender: 1
- Source of term: iso5218
377 ## - Assoc lang
- Lang code: pol
400 1# - Trop zob. - nazwa osobowa
- nazwa osobowa (nazwisko, imiona): Łapo, Jerzy M.
400 1# - Trop zob. - nazwa osobowa
- nazwa osobowa (nazwisko, imiona): Łapo, Jerzy.
670 ## - Źródło informacji
- źródło informacji: Kp. Rzecz o imć Helwingu / Krystyna Jarosz i Jerzy Marek Łapo. - Węgorzewo, 2002.
670 ## - Źródło informacji
- źródło informacji: Kp. Pruskie baby kamienne : fenomen kulturowy czy europejska codzienność? : praca zbiorowa / pod. red. Jerzego M. Łapo i Grzegorza Białuńskiego. - Olsztyn, 2007.
670 ## - Źródło informacji
- źródło informacji: Kp. Ludowa wizja przeszłości Mazur : stanowiska archeologiczne i miejsca o znaczeniu historycznym na dawnym pograniczu galindzko-jaćwieskim w świadomości Mazurów : (XVI w.-I połowa XXw.) / Jerzy Marek Łapo. - Olsztyn, 2008.
670 ## - Źródło informacji
- źródło informacji: Kp. Węgorzewo - Węgobork - Angerburg : na zakrętach historii / Jerzy Łapo. - Węgorzewo, 2020.
670 ## - Źródło informacji
- źródło informacji: BNPol online
670 ## - Źródło informacji
- źródło informacji: ISNI
670 ## - Źródło informacji
- źródło informacji: Leksykon Kultury Warmii i Mazur, 25.02.21
- gdzie znaleziono informację: (kustosz Muzeum Kultury Ludowej w Węgorzewie)
- adres internetowy: http://leksykonkultury.ceik.eu/index.php/Jerzy_Marek_%C5%81apo
670 ## - Źródło informacji
- źródło informacji: OPI online
999 ## -
- : VIRTUA00 x
999 ## -
- : VTLSSORT0010*0080*0100*0240*0241*0242*0400*0430*0460*1000*3680*3700*3701*3702*3730*3740*3741*3742*3750*3770*4000*4001*6704*6705*6706*6707*6700*6701*6702*6703*9992